00343nam a2200145Ia 4500008004100000020001800041041000800059082001700067100001900084245002900103250000600132260003200138300001300170650001400183210716s2011 xx 000 0 und d a9780749462178 aeng a658.802 BARC aBarrow, Colin. a30 day MBA in marketing. a1 aNew DelhibKogan Pagec2011 aviii,241 aMarketing